Princesas - Pereza - Estadísticas

Estadísticas generales
  • Esta prueba ha sido intentada 265 veces
  • La puntuación promedio es 244 de 292
Estadísticas de respuestas
% Correcto
a
99%
A
99%
de
98%
Estribillo De
98%
que
97%
Qué
97%
qué
97%
buscan
96%
al
95%
algo
95%
algo,
95%
princesas
95%
las
94%
los
94%
me
94%
"me
94%
Me
94%
un
94%
y
94%
lo
93%
su
93%
una
93%
Una
93%
en
92%
pies
92%
cama
91%
bar
90%
calada
90%
coleccionar
90%
colocar
90%
con
90%
la
90%
pueda
90%
quiero,
89%
quiero
89%
consiga
88%
es
88%
hacerme
88%
llorar
88%
"no
87%
Estribillo No
87%
sonrisa
87%
hablar
86%
"te
86%
buscando
85%
repente
85%
tipos
85%
película
84%
volver
84%
ya
84%
Verso Sigo
83%
el
81%
olvidado
81%
chaval"
79%
Cualquier
79%
le
78%
tengo
78%
ahora
77%
bien
77%
colilla
77%
he
77%
como
76%
fumar
76%
largar",
76%
pero
76%
trasnochar
76%
estoy
75%
fue
75%
labios
75%
mi
75%
creo
74%
decirte
74%
guste
74%
inoportuno
74%
nada"
73%
para
73%
carcajada
72%
por
72%
ahá
70%
después
70%
excusa,
70%
respirar
70%
aire
68%
cualquiera
68%
todo
68%
buena
66%
Cambiar
66%
chorrada
66%
siento
66%
Colgarme
65%
malo
65%
Soltar
65%
detrás
64%
más
64%
viene
64%
Pre-estribillo Sentirme
63%
bailar
62%
brindar
62%
pienso
62%
As
61%
veces
61%
Eres
60%
pongo
60%
cara
59%
vez
59%
cada
58%
cosas
58%
cuelgo
58%
vuelvo
58%
música
57%
entre
56%
tomar
56%
tomo
56%
Últimamente
56%
cambian
55%
cuando
55%
veo
55%
Escucho
54%
flipando
52%
unos
52%
sonrío
50%
gente
45%
charlar
43%
paro
41%
Verso Ando
33%
silbando,
28%
No se encontraron pruebas coincidentes
Distribución de puntuación
Porcentaje de gente con cada puntuación
Porcentaje por número respondido
Historial de tus puntuaciones
No has intentado esta prueba.